000 00636nam a2200169 i 4500
001 72984
003 ES-MaACL
005 20240714063059.0
007 t|
008 040906s1963 sp ||||1| spa d
100 1 _aGómez de Aranda, Luis,
_d1916-2004
_957881
245 1 0 _aJosé Antonio en la nueva democracia española
_b: [conferencia pronunciada en Jerez de la Frontera, el día 20 de mayo de 1963] /
_cLuis Gómez de Aranda y Serrano.
260 _aJerez de la Frontera :
_bCírculo Doctrinal "José Antonio",
_c1963.
300 _a29 p. ;
_c21 cm.
852 _aES-MaACL
_j2035-F-18
_bR.52899
999 _c72984
_d72984